000 00356nam a22001451a 4500
082 _aS 294.551 3
_bASH/S
100 _aAshok Kumar Gaud
245 _aShiva rahasyam/
_cby Ashok Kumar Gaud
260 _aNew Delhi:
_bChaukhamba Publishing House,
_c2007.
300 _a432p.
650 _aShaivism
650 _aHinduism
650 _aReligion
942 _cBK
999 _c41817
_d41817